000 00586nam a2200217 a 4500
001 9197
003 CO-ViMGA
008 141112s2004 ck r 000 u spa d
040 _aCO-ViMGA
_bspa
_cCO-ViMGA
082 0 4 _aMEVIGAELA.3 D352
100 1 _aDelgado ; Alberto. ,
_99728
245 1 0 _aInteligencia Artificial y minirobots.
260 _aSantafé de Bogotá,
_cEcoediciones,
_c1998.
300 _a309p. : il
650 1 4 _aALGORITMOS
650 1 4 _aNEURONA
_99729
650 1 4 _aREDES NEURONALES
_99730
650 1 4 _aROBOTICA
_954146
650 1 4 _aROBOTS
_99731
942 _2ddc
_cBK
999 _c20737
_d20737